Statistiques concernant Culture Générale - Série 2048

Cliquez ici pour prendre le quiz!

Statistiques générales

  • Ce quiz a été pris 45 fois
  • Le résultat moyen est 3 sur 10

Statistiques - réponses

Question Réponse % Correct
Premier morceau coupé (d'une chose à manger)entame
67%
Sous quel nom connaissait-on mieux l'actrice française Simone Kaminker (1921-1985) ?Simone Signoret
56%
Quel adjectif désigne un joueur battu aux cartes sans n'avoir pu faire aucune levée ?capot
47%
De quel pays le thé "matcha" est-il originaire ? voir photoJapon
47%
De quel département français Figeac est-elle une sous-préfecture ?Lot
44%
L'hystérotomie est une opération chirurgicale pratiquée lors d'une ....césarienne
16%
Prolongement pointu, vers l'avant du corps (crustacés ; insectes…).ou éperon de navire dans l'antiquité romainerostre
16%
Le gari est une farine de ....manioc
12%
Sous quel nom connaissait-on mieux le chanteur d'opérette turc David Arugete (1921-1968) ?Dario Moreno
9%
Quel champignon est aussi appelé " psalliote" ?agaric
2%

Distribution des résultats

Percentile par nombre de réponses

% des personnes avec chaque résultat

Votre développement - résultats

Vous n’avez pas pris ce quiz